000 00710nam a2200253Ia 4500
003 OSt
005 20221005070149.0
006 a|||||r|||| 00| 0
007 ta
008 221004b |||||||| |||| 00| 0 urd d
020 _cINR 275.00
024 _a35441
037 _b4940, 25/02/2017, Kitabi Duniya
_cTextual
040 _aCRL
_cCRL
_burd
041 _2urd
_aurd
082 _aO168,1NMSx, P1
100 _aMan Singh Au.
_9605410
245 0 _aTalash
260 _aMuzaffarpur
_bKitabistan India
_c2001
300 _a244p.
_ccm.
650 _aURDU POETRY
942 _hO168,1NMSx, P1
_cTEXL
_2cc
999 _c975783
_d975783